Detalles MARC
| 000 -ENCABEZADO |
| Número de control [NR] |
03455nam a22003737a 4500 |
| 005 - FECHA Y HORA DE LA ÚLTIMA TRANSACCIÓN |
| control field |
20140926095601.0 |
| 008 - DE LONGITUD FIJA DE DATOS DE ELEMENTOS - INFORMACIÓN GENERAL |
| Elementos de longitud fija [NR] |
140828s1896 fr ||||fr|||| 001 0 fre d |
| 040 ## - FUENTE DE CATALOGACION [NR] |
| Quien Cataloga |
Sandra Yazo |
| Quien Clasifica |
Sandra Yazo |
| 041 0# - CODIGO DE IDIOMA [R] |
| Código de idioma para texto/pista de sonido o título separado [R] |
Francés |
| 082 04 - NUMERO DE CLASIFICACION DECIMAL DEWEY [R] |
| Número de la edición [NR] |
20 |
| Número de clasificación [R] |
348 |
| 092 ## - SIGNATURA TOPOGRAFICA LOCAL |
| Número de clasificación local |
E32N034 |
| 100 1# - ASIENTO PRINCIPAL--NOMBRE PERSONAL [NR] |
| Nombre personal [NR] |
La Grasserie, Raoul de |
| Fechas asociadas con el nombre [NR] |
1839-1914 |
| ID Autoridad |
64050 |
| 242 00 - TRADUCCION DEL TITULO POR LA AGENCIA CATALOGADORA [R] |
| Título [NR] |
Resumen analítico de los principales códigos civiles de Europa y América |
| Mención de responsabilidad, etc. [NR] |
Por Raoul de La Grasserie. |
| Nombre de la parte o sección [R] |
I. Código Civil mexicano. |
| -- |
II. Código Civil del Perú. Precedido por una Introducción y terminado con algunos tratados de derecho internacional privado. |
| -- |
III. Código Civil de Chile. Antecedido de una Introducción. |
| -- |
IV. Código Civil de Venezuela. |
| -- |
V. Las leyes civiles del Brasil. |
| Código de idioma del título traducido [NR] |
spa |
| 245 10 - MENCION DE TITULO [NR] |
| Título [NR] |
Résumés analytiques des principaux codes civils de l’Europe et de l’Amérique. |
| Mención de responsabilidad, etc. [NR] |
Par Raoul de la Grasserie |
| Nombre de la parte/sección de la obra [R] |
I. Code Civil mexicain. |
| -- |
II. Code Civil Péruvien. Précéde´d’une Introduction et suivi des Traités de Droit International privé. |
| -- |
III. Code Civil Chilien. Précédé d’une Introduction. |
| -- |
IV. Code Civil du Vénézuéla. |
| -- |
V. Les lois civiles du Brésil. |
| 260 ## - PUBLICACION, DISTRIBUCION, ETC. (PIE DE IMPRENTA) [R] |
| Lugar de publicación, distribución, etc. [R] |
París (Francia) |
| Nombre del editor, distribuidor, etc. [R] |
V. Giard y E. Brière, Librairies-éditeurs [V. Giard y E. Brière, libreros-editores] |
| Fecha de publicación, distribución, etc. [R] |
1895-1897 |
| 300 ## - DESCRIPCION FISICA [R] |
| Extensión [R] |
4 volúmenes (258 ; 277 ; 400 ; 328 páginas) |
| Dimensiones [R] |
22 x 13 cm. |
| 490 #0 - MENCION DE SERIE [R] |
| Mención de serie [R] |
Étude des Législations étrangères [Estudio de las legislaciones extranjeras] |
| 500 ## - NOTA GENERAL [R] |
| Nota general [NR] |
Detalles físicos: Encuadernación rígida (holandesa) en cartón forrado en papel. Lomo en cuero con nervaduras sobre costuras y adornos en dorado. Guardas en papel impreso, imitando papel de agua. Hoja de cortesía. Anteportada. Portada impresa en una sola tinta con un grabado. Texto impreso en una sola de columna, notas al pie de página. Ejemplar en buen estado de conservación. |
| 505 0# - NOTA DE CONTENIDO CON FORMATO PREESTABLECIDO [R] |
| Nota de contenido con formato preestablecido [NR] |
V.1: Libro 1 – 2: Título Preliminar: La ley ; Sus efectos ; Normas generales para su aplicación ; Las personas ; Los bienes ; La propiedad y sobre las modificaciones de ésta ; Los contratos ; Las sucesiones. |
| 505 0# - NOTA DE CONTENIDO CON FORMATO PREESTABLECIDO [R] |
| Nota de contenido con formato preestablecido [NR] |
V.2: Libro 1 – 3: Introducción ; Las personas y sus derechos ; Las cosas, el modo de adquirirlas ; Derecho de las personas sobre ellas ; Las obligaciones ; Los contratos ; Apéndice 1: Leyes promulgadas con posterioridad al Código Civil ; Apéndice 2: Tratados varios sancionados por el Congreso internacional sudamericano, reunido en Montevideo |
| 505 0# - NOTA DE CONTENIDO CON FORMATO PREESTABLECIDO [R] |
| Nota de contenido con formato preestablecido [NR] |
V.3: Libro 1 – 4: Introducción ; Las personas ; Los bienes: su propiedad, su posesión, su uso y disfrute ; Las sucesiones ; Las obligaciones en general y los contratos ; Apéndices. |
| 505 0# - NOTA DE CONTENIDO CON FORMATO PREESTABLECIDO [R] |
| Nota de contenido con formato preestablecido [NR] |
V.4 – 5(4): Introducción ; Código civil venezolano: Libro 1 – 3: Las personas ; Los bienes ; La propiedad y sus modificaciones ; Formas de adquirir y de transmitir la propiedad y otros derechos -- V.4 – 5(5): Leyes civiles del Brasil: Libro 1 – 2: Parte general: Las personas ; Las cosas ; Parte especial: Los derechos personales ; Los derechos reales. |
| 506 ## - NOTA DE RESTRICCIONES DE ACCESO [R] |
| Condiciones de acceso [NR] |
Consulta en sala |
| 546 ## - NOTA DE IDIOMA [R] |
| Nota de idioma [NR] |
Texto en francés |
| 650 #7 - ASIENTO SECUNDARIO DE MATERIA - TERMINO TEMATICO [R] |
| 9 (RLIN) |
12722 |
| Término temático o nombre geográfico como elemento de entrada [NR] |
Derecho comparado |
| 650 #7 - ASIENTO SECUNDARIO DE MATERIA - TERMINO TEMATICO [R] |
| Término temático o nombre geográfico como elemento de entrada [NR] |
Código civil |
| Subdivisión geográfica [R] |
Brasil |
| 9 (RLIN) |
64055 |
| 650 #7 - ASIENTO SECUNDARIO DE MATERIA - TERMINO TEMATICO [R] |
| Término temático o nombre geográfico como elemento de entrada [NR] |
Código civil |
| Subdivisión geográfica [R] |
Chile |
| 9 (RLIN) |
64051 |
| 650 #7 - ASIENTO SECUNDARIO DE MATERIA - TERMINO TEMATICO [R] |
| Término temático o nombre geográfico como elemento de entrada [NR] |
Código civil |
| Subdivisión geográfica [R] |
México |
| 9 (RLIN) |
64052 |
| 650 #7 - ASIENTO SECUNDARIO DE MATERIA - TERMINO TEMATICO [R] |
| Término temático o nombre geográfico como elemento de entrada [NR] |
Código civil |
| Subdivisión geográfica [R] |
Perú |
| 9 (RLIN) |
64054 |
| 650 #7 - ASIENTO SECUNDARIO DE MATERIA - TERMINO TEMATICO [R] |
| Término temático o nombre geográfico como elemento de entrada [NR] |
Código civil |
| Subdivisión geográfica [R] |
Venezuela |
| 9 (RLIN) |
64053 |
| 650 #7 - ASIENTO SECUNDARIO DE MATERIA - TERMINO TEMATICO [R] |
| Término temático o nombre geográfico como elemento de entrada [NR] |
Derecho civil |
| 9 (RLIN) |
12711 |
| 690 ## - ASUNTO AGREGADO LOCAL DE ENTRADA - TÉRMINO TEMÁTICO (OCLC, RLIN) |
| 9 (RLIN) |
42766 |
| Acceso temático local |
Derecho civil |
| 942 ## - ELEMENTOS DE ENTRADA AGREGADOS (KOHA) |
| Tipo de ítem principal el descrito en 300a |
Libro |
| Edición |
1 |
| Sistema de clasificación |
LOCAL |
| Clasificación |
E32N034 |